History Quiz

Random History or Capital Quiz

The Capitals of the hungarian counties (XIX. century) Quiz Stats

Quiz not verified by Sporcle

Also try: Within a Century?
Challenge
Share
Tweet
Score 0/71 Timer 14:00
0 Plays Today
% Correct
Debrecen
91.7%
Eger
91.7%
Budapest
91.7%
Sopron
91.7%
Veszprém
91.7%
Kassa
88.9%
Arad
88.9%
Szolnok
88.9%
Komárom
88.9%
Pozsony
88.9%
Szombathely
88.9%
Pécs
86.1%
Gyula
86.1%
Nagyvárad
86.1%
Miskolc
86.1%
Brassó
86.1%
Székesfehérvár
86.1%
Győr
86.1%
Kolozsvár
86.1%
Nyitra
86.1%
Eperjes
86.1%
Kaposvár
86.1%
Nyíregyháza
86.1%
Temesvár
86.1%
Szekszárd
86.1%
Ungvár
86.1%
Zalaegerszeg
86.1%
Eszék
86.1%
Beregszász
83.3%
Beszterce
83.3%
Esztergom
83.3%
Magyaróvár
83.3%
Marosvásárhely
83.3%
Varasd
83.3%
Makó
80.6%
Trencsén
80.6%
% Correct
Székelyudvarhely
80.6%
Besztercebánya
80.6%
Zágráb
80.6%
Csíkszereda
77.8%
Déva
77.8%
Balassagyarmat
77.8%
Sátoraljaújhely
77.8%
Fogaras
75%
Rimaszombat
75%
Nagyszeben
75%
Lőcse
75%
Torda
75%
Szentes
72.2%
Sepsiszentgyörgy
72.2%
Segesvár
72.2%
Zombor
69.4%
Liptószentmiklós
69.4%
Nagykároly
69.4%
Zilah
66.7%
Dés
66.7%
Pozsega
66.7%
Máramarossziget
63.9%
Belovár
63.9%
Nagyenyed
61.1%
Aranyosmarót
61.1%
Nagybecskerek
61.1%
Turócszentmárton
61.1%
Dicsőszentmárton
52.8%
Nagyszőlős
52.8%
Vukovár
52.8%
Lugos
50%
Ipolyság
47.2%
Ogulin
47.2%
Alsókubin
38.9%
Gospic
36.1%

You're not logged in!

Compare scores with friends on all Sporcle quizzes.
Join for Free
OR
Log In

You Might Also Like...

Show Comments

Extras

Top Quizzes Today


Score Distribution

Your Account Isn't Verified!

In order to create a playlist on Sporcle, you need to verify the email address you used during registration. Go to your Sporcle Settings to finish the process.

Report this User

Report this user for behavior that violates our Community Guidelines.

Details: